The St. Patrick's Day Quiz Stats

Quiz Updated Mar 17, 2014

Also try: Holiday by Numbers
Challenge
Share
Tweet
Embed
Score 0/20 Timer 05:00
3 Plays Today
Clue Answer % Correct
Country that Patrick is the patron saint ofIreland
98.8%
Color associated with St. Patrick in modern timesGreen
89.4%
Plant used by Patrick to explain the Holy TrinityShamrock
86.1%
Item found at the end of the rainbowPot of Gold
80.7%
Illinois City that dyes its river greenChicago
70.1%
St. Patrick's country of originBritannia
69.5%
Until 1970 Irish law required these establishments to be closed on St. Patrick's DayPubs
68.5%
Month and day on which St. Patrick diedMarch 17th
66.2%
City that hosted the first recorded St. Patrick's Day ParadeBoston
63.1%
Brand of beer whose consumption more than doubles on St. Patrick's DayGuinness
59.9%
Clue Answer % Correct
Legend says St. Patrick banished these from IrelandSnakes
55.4%
Diminutive personification of St. Patrick's DayLeprechaun
53.5%
Century in which Patrick returned to IrelandFifth
50.3%
Instrumental symbol of IrelandHarp
50.2%
Country where St. Patrick studied religionGaul
47.5%
Occupation of St. PatrickPriest
45.3%
Phrase that translates to 'Ireland Forever'Éirinn go Brách
31.7%
NHL team known as the St. Patricks from 1919-1927Toronto Maple Leafs
14.5%
British army regiment traditionally presented shamrocks by Queen MotherIrish Guard
7.5%
Only Caribbean island where St. Patrick's day is a government holidayMontserrat
3.7%

You're not logged in!

Compare scores with friends on all Sporcle quizzes.
Join for Free
OR
Log In

You Might Also Like...

Show Comments

Extras

Top Quizzes Today


Score Distribution

Your Account Isn't Verified!

In order to create a playlist on Sporcle, you need to verify the email address you used during registration. Go to your Sporcle Settings to finish the process.

Report this User

Report this user for behavior that violates our Community Guidelines.

Details: